000 00852nam a22002297a 4500
999 _c16429
_d16429
003 AR-CdUCM
008 190503b ||||| |||| 00| 0 spa d
040 _aMUNICIPALIDAD PROVINCIAL DEL CUSCO
_cBIBLIOTECA MUNICIPAL DEL CUSCO
041 _hfre
082 _a160 /
_bB61
100 _aBlanché, R.
_935873
245 _aIntroducción a la lógica Contemporánea /
260 _aBuenos Aires :
_bEdiciones Carlos Lohlé,
_c1963.
300 _a193 páginas ;
_c20 cm.
505 _aContenido: Nociones preliminares -- Cálculo clásico de proposiciones -- Cálculos no clásicos -- Análisis de las proposiciones -- Predicados, clases, relaciones.
650 _aLógica
_92358
650 _aCálculos
_921077
650 _aFilosofía
_9395
700 _aSesma, Leandro de (traducción)
_935874
942 _2ddc
_cLIBROS
945 _aachl
_d2019-05-03